[Event "FISU World University-ch 2020"]
[Site "Online"]
[Date "2020.10.26"]
[Round "4.4"]
[White "Juhasz, Barbara"]
[Black "Harutyunian, Tigran K."]
[Result "0-1"]
[WhiteElo "2211"]
[BlackElo "2549"]
[Annotator "TA"]
[PlyCount "44"]
[EventDate "2020.10.26"]
[SourceTitle "playchess.com"]
[Source "ChessBase"]
[SourceQuality "1"]

1. e4 e5 2. Nf3 Nc6 3. Bb5 a6 4. Ba4 Nf6 5. O-O b5 6. Bb3 Bc5 7. d3 d6 8. a4 Rb8 9. Nc3 Bg4 10. Be3 O-O 11. axb5 axb5 12. h3 Bh5 13. Ra6 Nd4 14. Bxd4 Bxd4 15. g4 Qc8 16. Nxd4 exd4 17. Ra7 dxc3 18. gxh5 Qxh3 19. Qe2 Nxh5 20. Qe3 Qg4+ 21. Kh2 Nf4 22. Rg1 Qh4+ 0-1

[Event "FISU World University-ch 2020"]
[Site "Online"]
[Date "2020.10.26"]
[Round "4.5"]
[White "Bilguun, Sumiya"]
[Black "Chylewski, Patryk"]
[Result "1-0"]
[WhiteElo "2454"]
[BlackElo "2330"]
[Annotator "TA"]
[PlyCount "83"]
[EventDate "2020.10.26"]
[SourceTitle "playchess.com"]
[Source "ChessBase"]
[SourceQuality "1"]

1. e4 c5 2. Nf3 e6 3. d4 cxd4 4. Nxd4 Nc6 5. Nc3 Qc7 6. g3 a6 7. Bg2 Nf6 8. O-O h5 9. h3 Bc5 10. Nxc6 dxc6 11. Qf3 e5 12. Bg5 Be7 13. a4 Be6 14. a5 Rd8 15. Be3 Nd7 16. Rfd1 g6 17. Na4 c5 18. Nc3 O-O 19. Nd5 Bxd5 20. exd5 Qd6 21. c4 f5 22. Bd2 Bf6 23. Rab1 e4 24. Qe2 Bd4 25. Bf4 Qf6 26. b4 g5 27. Be3 Bxe3 28. Qxe3 f4 29. Qxe4 Rde8 30. Qf3 Ne5 31. Qxh5 Re7 32. gxf4 Qxf4 33. Re1 g4 34. d6 Rg7 35. Qxe5 Qxe5 36. Rxe5 gxh3 37. d7 Rxg2+ 38. Kh1 Rg7 39. Rd1 h2 40. Re8 Rxd7 41. Rxf8+ Kxf8 42. Rxd7 1-0

[Event "FISU World University-ch 2020"]
[Site "Online"]
[Date "2020.10.26"]
[Round "4.5"]
[White "Garidmagnai, Byambasuren"]
[Black "Kiolbasa, Oliwia"]
[Result "1-0"]
[WhiteElo "2369"]
[BlackElo "2260"]
[Annotator "TA"]
[PlyCount "113"]
[EventDate "2020.10.26"]
[SourceTitle "playchess.com"]
[Source "ChessBase"]
[SourceQuality "1"]

1. Nf3 Nf6 2. b3 b6 3. Bb2 Bb7 4. d3 c5 5. Nbd2 e6 6. g3 Be7 7. Bg2 O-O 8. O-O d6 9. e4 Nbd7 10. Qe2 Qc7 11. a4 a6 12. h4 b5 13. Nh2 Bc6 14. a5 Qb7 15. g4 e5 16. g5 Ne8 17. f4 exf4 18. Rxf4 Nc7 19. Raf1 Ne6 20. R4f2 Ne5 21. Bh3 Nd4 22. Bxd4 cxd4 23. Ndf3 Bd7 24. Bxd7 Qxd7 25. Nxd4 Bd8 26. b4 g6 27. Ndf3 Qh3 28. Nxe5 dxe5 29. Qg4 Qe3 30. Kg2 h5 31. gxh6 Qxh6 32. Nf3 Bf6 33. Ng5 Bxg5 34. Qxg5 Qxg5+ 35. hxg5 Rac8 36. Kg3 Rc7 37. Rh1 Rfc8 38. Rfh2 Kf8 39. Rh8+ Ke7 40. Rxc8 Rxc8 41. Rh2 Rc3 42. Kf3 Ra3 43. Ke3 Rc3 44. Kd2 Rc8 45. Rf2 Rc6 46. c3 Rd6 47. Kc2 Rc6 48. Kb3 Rd6 49. Rf3 Rc6 50. c4 Rd6 51. c5 Rc6 52. Kc3 Re6 53. d4 exd4+ 54. Kxd4 Ke8 55. e5 Ke7 56. Rf6 Ke8 57. Kd5 1-0

[Event "FISU World University-ch 2020"]
[Site "Online"]
[Date "2020.10.26"]
[Round "4.5"]
[White "Sliwicka, Alicja"]
[Black "Agibileg, Uurtsaikh"]
[Result "0-1"]
[WhiteElo "2311"]
[BlackElo "2413"]
[Annotator "TA"]
[PlyCount "132"]
[EventDate "2020.10.26"]
[SourceTitle "playchess.com"]
[Source "ChessBase"]
[SourceQuality "1"]

1. e4 c5 2. Nf3 e6 3. d4 cxd4 4. Nxd4 Nc6 5. Nc3 a6 6. Nb3 Nf6 7. Bd3 Qc7 8. O-O b5 9. f4 d6 10. Qf3 Be7 11. Bd2 O-O 12. Rae1 Bb7 13. Qh3 b4 14. Ne2 e5 15. Ng3 Bc8 16. Nf5 a5 17. Qg3 Bxf5 18. exf5 Kh8 19. Kh1 a4 20. Nc1 e4 21. Bxe4 Nxe4 22. Rxe4 d5 23. Ree1 Nd4 24. c3 Nxf5 25. Qd3 Nd6 26. cxb4 Rad8 27. Ne2 Ne4 28. Rc1 Qb6 29. Nd4 Rc8 30. Be3 Rxc1 31. Rxc1 Qxb4 32. Nf5 Qxb2 33. Rb1 Qf6 34. Nxe7 Qxe7 35. Bd4 h6 36. f5 Rc8 37. Rf1 f6 38. Bg1 Qd7 39. Bd4 Qc6 40. Bg1 Qc4 41. Qxc4 dxc4 42. Rc1 c3 43. g3 Rd8 44. Kg2 Rd3 45. Bb6 Kg8 46. Ba5 Kf7 47. Kf1 Rd2 48. Re1 Rxh2 49. Kg1 Rxa2 50. Rxe4 c2 51. Bd2 Ra1+ 52. Kg2 a3 53. Rc4 a2 54. Rc7+ Kg8 55. Rc8+ Kh7 56. Rxc2 Rg1+ 57. Kxg1 a1=Q+ 58. Bc1 Qe5 59. Bf4 Qxf5 60. Rc7 h5 61. Bd6 Qe6 62. Rc6 Qd5 63. Ra6 Qc4 64. Ra5 Qd4+ 65. Kf1 Qd1+ 66. Kg2 Qd2+ 0-1

[Event "FISU World University-ch 2020"]
[Site "Online"]
[Date "2020.10.26"]
[Round "4.5"]
[White "Kokoszczynski, Jan"]
[Black "Uuriintuya, Uurtsaikh"]
[Result "1-0"]
[WhiteElo "2221"]
[BlackElo "2288"]
[Annotator "RC"]
[PlyCount "111"]
[EventDate "2020.10.26"]
[SourceTitle "playchess.com"]
[Source "ChessBase"]
[SourceQuality "1"]

1. d4 Nf6 2. c4 g6 3. Nc3 Bg7 4. e4 d6 5. Be2 O-O 6. Be3 e5 7. d5 Na6 8. g4 Nc5 9. f3 a5 10. h4 c6 11. h5 cxd5 12. cxd5 Bd7 13. Qd2 Rb8 14. Bb5 Qe8 15. Bxc5 dxc5 16. a4 Qd8 17. Nge2 Ne8 18. Bxd7 Qxd7 19. Nb5 Bf6 20. Nec3 Qd8 21. d6 Bh4+ 22. Ke2 Bg5 23. Qd5 Nf6 24. Qxc5 Nd7 25. Qc7 Qf6 26. Qxd7 Qf4 27. Nd5 Qd2+ 28. Kf1 Rfd8 29. Qc7 Rdc8 30. hxg6 hxg6 31. Re1 Rxc7 32. dxc7 Rf8 33. Nbc3 Qxb2 34. Re2 Qc1+ 35. Kg2 Qa3 36. Rb1 f5 37. Rxb7 fxg4 38. fxg4 Qc1 39. Rb1 Qa3 40. Rb8 Qc5 41. Reb2 Bh4 42. Rxf8+ Kxf8 43. Nd1 Kg7 44. N1e3 Qc1 45. Rc2 Qe1 46. c8=Q Qg3+ 47. Kh1 Qe1+ 48. Kg2 Qg3+ 49. Kh1 Qe1+ 50. Nf1 Qxf1+ 51. Kh2 Bg3+ 52. Kxg3 Qg1+ 53. Kf3 Qf1+ 54. Ke3 Qe1+ 55. Re2 Qg3+ 56. Kd2 1-0

[Event "FISU World University-ch 2020"]
[Site "Online"]
[Date "2020.10.26"]
[Round "4.6"]
[White "Dai, Changren"]
[Black "Albornoz Cabrera, Carlos Daniel"]
[Result "0-1"]
[WhiteElo "2503"]
[BlackElo "2573"]
[Annotator "TA"]
[PlyCount "83"]
[EventDate "2020.10.26"]
[SourceTitle "playchess.com"]
[Source "ChessBase"]
[SourceQuality "1"]

1. e4 c5 2. Nc3 d6 3. g3 g6 4. Bg2 Bg7 5. d3 Nc6 6. Be3 Nf6 7. h3 O-O 8. Qd2 Rb8 9. f4 Nd7 10. Nf3 Nd4 11. O-O b5 12. a3 a5 13. f5 b4 14. axb4 axb4 15. Nd5 Nxf3+ 16. Rxf3 Bxb2 17. Raf1 Bg7 18. Bh6 f6 19. Bxg7 Kxg7 20. h4 Ne5 21. Rf4 b3 22. c3 Bb7 23. Ne3 Qa5 24. fxg6 hxg6 25. g4 Ba6 26. Rb1 Bxd3 27. Rb2 Qa1+ 28. Kh2 Bc2 29. Rxc2 bxc2 30. Nxc2 Qa2 31. Kg3 Rb2 32. Rf2 Nc4 33. Qc1 Qb1 34. Qxb1 Rxb1 35. Bf1 Ne5 36. Ne3 Re1 37. Be2 Rb8 38. Nd5 Rb2 39. Nf4 Rc1 40. g5 Rxc3+ 41. Kg2 Re3 42. gxf6+ 0-1

[Event "FISU World University-ch 2020"]
[Site "Online"]
[Date "2020.10.26"]
[Round "4.6"]
[White "Elias Reyes, Jorge Roberto"]
[Black "Liu, Manli"]
[Result "1-0"]
[WhiteElo "2428"]
[BlackElo "2192"]
[Annotator "TA"]
[PlyCount "69"]
[EventDate "2020.10.26"]
[SourceTitle "playchess.com"]
[Source "ChessBase"]
[SourceQuality "1"]

1. c4 e6 2. Nf3 Nf6 3. g3 d5 4. b3 Be7 5. Bb2 O-O 6. Bg2 b6 7. O-O Bb7 8. e3 Nbd7 9. Nc3 c5 10. Qe2 Rc8 11. d3 Qc7 12. Nh4 dxc4 13. bxc4 Bxg2 14. Kxg2 Qb7+ 15. Kg1 Rfd8 16. f4 Nf8 17. f5 Ne8 18. fxe6 Nxe6 19. Nf5 Bf8 20. Nd5 f6 21. Qg4 Kh8 22. Nh6 Ng5 23. Qxg5 gxh6 24. Qh5 Bg7 25. a4 a6 26. Rab1 Qc6 27. Ne7 Qe6 28. Nxc8 Rxc8 29. e4 Rd8 30. Rf3 Qc6 31. Rbf1 Qxa4 32. e5 fxe5 33. Rf8+ Bxf8 34. Rxf8+ Kg7 35. Qf7# 1-0

[Event "FISU World University-ch 2020"]
[Site "Online"]
[Date "2020.10.26"]
[Round "4.6"]
[White "Alfonso Ruisanchez, Laritza"]
[Black "Pang Bo"]
[Result "0-1"]
[WhiteElo "2108"]
[BlackElo "1429"]
[Annotator "TA"]
[PlyCount "86"]
[EventDate "2020.10.26"]
[SourceTitle "playchess.com"]
[Source "ChessBase"]
[SourceQuality "1"]

1. e4 c5 2. Nf3 Nc6 3. d4 cxd4 4. Nxd4 Nf6 5. Nc3 d6 6. Bg5 a6 7. Qd2 e6 8. O-O-O Bd7 9. f4 b5 10. e5 dxe5 11. Nxc6 Bxc6 12. Qxd8+ Rxd8 13. Rxd8+ Kxd8 14. fxe5 h6 15. Bh4 g5 16. exf6 gxh4 17. h3 Rg8 18. a4 b4 19. Nd1 Bc5 20. a5 Bb7 21. c3 Rg6 22. Be2 Rxf6 23. Rf1 Ke7 24. Bf3 Bxf3 25. Rxf3 Rxf3 26. gxf3 Kf6 27. Kd2 Kf5 28. Ke2 Kf4 29. Nf2 bxc3 30. bxc3 Be7 31. Ng4 h5 32. Ne3 Kg3 33. Nf1+ Kxh3 34. f4 Kg4 35. Ke3 f5 36. Nh2+ Kg3 37. Nf3 h3 38. c4 h2 39. Nxh2 Kxh2 40. Kf3 h4 41. Kf2 h3 42. Kf3 Kg1 43. Ke3 h2 0-1

[Event "FISU World University-ch 2020"]
[Site "Online"]
[Date "2020.10.26"]
[Round "4.6"]
[White "Hu, Yu A."]
[Black "Lopez Gonzalez, Abel Fabian"]
[Result "1/2-1/2"]
[WhiteElo "2094"]
[BlackElo "2379"]
[Annotator "TA"]
[PlyCount "161"]
[EventDate "2020.10.26"]
[SourceTitle "playchess.com"]
[Source "ChessBase"]
[SourceQuality "1"]

1. e4 e5 2. Nf3 Nc6 3. Bb5 a6 4. Ba4 Nf6 5. O-O Be7 6. Re1 b5 7. Bb3 d6 8. c3 O-O 9. h3 Nb8 10. d4 Nbd7 11. Nbd2 Bb7 12. Bc2 Re8 13. Nf1 Bf8 14. Ng3 g6 15. a4 c5 16. d5 c4 17. Bg5 Nc5 18. Qd2 Be7 19. Ra3 Nfd7 20. Be3 Qc7 21. axb5 axb5 22. Rxa8 Rxa8 23. Rf1 Ra2 24. Bb1 Ra1 25. Nh2 h5 26. f4 Bh4 27. Bf2 Rxb1 28. Rxb1 Bxg3 29. Bxg3 Nxe4 30. Qe3 Qc5 31. Bf2 Nxf2 32. Qxf2 exf4 33. Qxc5 Nxc5 34. Nf3 Bxd5 35. Nd4 Be4 36. Rf1 d5 37. Nxb5 g5 38. Nd6 Na4 39. Rf2 Bd3 40. Rd2 Kg7 41. Nb5 Kg6 42. Nc7 Nb6 43. b4 Kf5 44. Ra2 d4 45. Nb5 dxc3 46. Nxc3 Ke5 47. Kf2 Kd4 48. Nb5+ Ke5 49. Ra5 f6 50. Nc3+ Kd4 51. Nb5+ Kd5 52. Nc3+ Kd4 53. Nb5+ Kd5 54. Ra6 Kc6 55. Nc3 Kb7 56. b5 g4 57. hxg4 hxg4 58. Ra1 Bf5 59. Re1 Nc8 60. Nd5 f3 61. gxf3 gxf3 62. Kxf3 Bd7 63. Rb1 Nd6 64. Nxf6 Bxb5 65. Ne4 Nxe4 66. Kxe4 Kc6 67. Kd4 Ba6 68. Rh1 Kb5 69. Kc3 Bc8 70. Rh5+ Kc6 71. Kxc4 Kd6 72. Kd4 Be6 73. Rh6 Ke7 74. Ke5 Bg8 75. Ra6 Kf7 76. Kf5 Kg7 77. Kg5 Kh8 78. Kh6 Bd5 79. Rd6 Bc4 80. Rd8+ Bg8 81. Rf8 1/2-1/2

[Event "FISU World University-ch 2020"]
[Site "Online"]
[Date "2020.10.26"]
[Round "4.7"]
[White "Mezentsev, Ivan"]
[Black "Zuleta, Juan Carlos"]
[Result "1-0"]
[WhiteElo "2354"]
[BlackElo "1934"]
[Annotator "TA"]
[PlyCount "79"]
[EventDate "2020.10.26"]
[SourceTitle "playchess.com"]
[Source "ChessBase"]
[SourceQuality "1"]

1. Nf3 c5 2. c4 g6 3. e4 Bg7 4. d4 cxd4 5. Nxd4 Nc6 6. Be3 Nf6 7. Nc3 O-O 8. Be2 d6 9. O-O Nxd4 10. Bxd4 Be6 11. f4 Qc8 12. b3 Bd7 13. Rc1 Bc6 14. Bf3 Qd8 15. Kh1 Re8 16. Nd5 e5 17. fxe5 dxe5 18. Bf2 Nxd5 19. cxd5 Bb5 20. Be2 Bd7 21. b4 f5 22. Bd3 fxe4 23. Bxe4 Bb5 24. Re1 Qd7 25. Bg3 Rac8 26. Rxc8 Rxc8 27. Bf3 Rc4 28. Bxe5 Bxe5 29. Rxe5 Rxb4 30. Re1 Qd6 31. Qd2 Rh4 32. h3 Qg3 33. Bg4 Qxg4 34. Qc3 Qb4 35. Qc8+ Kg7 36. Qc7+ Kh6 37. Re7 Qb1+ 38. Kh2 g5 39. Re6+ Kh5 40. Qf7+ 1-0

[Event "FISU World University-ch 2020"]
[Site "Online"]
[Date "2020.10.26"]
[Round "4.7"]
[White "Gonzalez Lopez, Nicolas Mateo"]
[Black "Akhmetov, Ayan"]
[Result "0-1"]
[WhiteElo "2200"]
[BlackElo "2438"]
[Annotator "TA"]
[PlyCount "114"]
[EventDate "2020.10.26"]
[SourceTitle "playchess.com"]
[Source "ChessBase"]
[SourceQuality "1"]

1. e4 e6 2. d4 d5 3. Nc3 Bb4 4. e5 c5 5. a3 Ba5 6. b4 cxd4 7. Qg4 Ne7 8. bxa5 dxc3 9. Qxg7 Rg8 10. Qxh7 Nbc6 11. Nf3 Qc7 12. Bf4 Bd7 13. a6 O-O-O 14. axb7+ Kb8 15. Qd3 Rg4 16. g3 Ng6 17. Qxc3 Nxf4 18. h3 Nxh3 19. Rxh3 Re4+ 20. Kd2 Qb6 21. Rh2 d4 22. Qb3 Qa5+ 23. Kd1 Nxe5 24. Nd2 d3 25. Nxe4 dxc2+ 26. Kc1 Qe1+ 27. Kxc2 Qxe4+ 28. Kb2 Ba4 29. Qc3 Qxb7+ 30. Qb4 Rd2+ 31. Kc1 Rc2+ 32. Kb1 Rd2 33. Ba6 Qb6 34. Rh8+ Kc7 35. Qxb6+ Kxb6 36. Bf1 Rxf2 37. Rh1 Bc6 38. Rg1 Nf3 39. Rg2 Be4+ 40. Kc1 Rxf1+ 41. Kb2 Ne1 42. Re2 Nd3+ 43. Kc3 Rxa1 44. Rxe4 Rxa3+ 45. Kd2 Nc5 46. Rf4 f5 47. g4 fxg4 48. Rxg4 a5 49. Kc2 a4 50. Kb2 Rb3+ 51. Ka2 Rh3 52. Rd4 e5 53. Rc4 Kb5 54. Rg4 e4 55. Rg2 Kb4 56. Rb2+ Nb3 57. Re2 Nc1+ 0-1

[Event "FISU World University-ch 2020"]
[Site "Online"]
[Date "2020.10.26"]
[Round "4.7"]
[White "Pinillo Canon, Silvana"]
[Black "Rakhimzhan, Alen"]
[Result "0-1"]
[WhiteElo "1785"]
[BlackElo "2273"]
[Annotator "TA"]
[PlyCount "80"]
[EventDate "2020.10.26"]
[SourceTitle "playchess.com"]
[Source "ChessBase"]
[SourceQuality "1"]

1. e4 e5 2. Nf3 Nc6 3. Bb5 Nf6 4. d3 Bc5 5. O-O d6 6. c3 O-O 7. Nbd2 a6 8. Ba4 Ba7 9. Re1 h6 10. Nf1 b5 11. Bb3 Be6 12. Bc2 Re8 13. Ng3 d5 14. Qe2 dxe4 15. dxe4 Bc4 16. Qd1 Ng4 17. Be3 Nxe3 18. fxe3 g6 19. Qd2 Qxd2 20. Nxd2 Be6 21. h3 Rad8 22. Nb3 h5 23. Kf2 Kg7 24. Rad1 Bb6 25. Nc1 Na5 26. b3 Nb7 27. Nd3 f6 28. Ne2 c5 29. a4 c4 30. bxc4 Bxc4 31. Nb4 Nc5 32. axb5 axb5 33. Nd5 Rd6 34. Nc1 Ba5 35. Ne2 Red8 36. Ra1 Bb6 37. Nxb6 Rxb6 38. Rad1 Rbd6 39. Kf3 Rd2 40. Ng3 Ne6 0-1

[Event "FISU World University-ch 2020"]
[Site "Online"]
[Date "2020.10.26"]
[Round "4.7"]
[White "Muratova, Anel"]
[Black "Aguas Cardenas, Darley"]
[Result "0-1"]
[WhiteElo "1753"]
[BlackElo "1737"]
[Annotator "NA RC"]
[PlyCount "90"]
[EventDate "2020.10.26"]
[SourceTitle "playchess.com"]
[Source "ChessBase"]
[SourceQuality "1"]

1. e4 c5 2. Nf3 g6 3. d3 Bg7 4. g3 Nc6 5. Bg2 Nf6 6. O-O O-O 7. Re1 d6 8. Nbd2 Bg4 9. h3 Bd7 10. Nf1 b5 11. g4 Rc8 12. Ng3 Ne8 13. c3 e6 14. Be3 f5 15. exf5 exf5 16. Bg5 Qc7 17. gxf5 Bxf5 18. Nh4 Bd7 19. Bd5+ Kh8 20. Kg2 Nf6 21. Bxf6 Bxf6 22. Nf3 Ne7 23. Be6 Rce8 24. d4 Nc6 25. d5 Ne5 26. Nxe5 Bxe5 27. Qg4 Bxe6 28. dxe6 Rf6 29. Ne4 Rfxe6 30. Ng5 R6e7 31. Re2 Qc6+ 32. f3 Bf6 33. Rxe7 Rxe7 34. Ne4 Bg7 35. Nxd6 Bxc3 36. Rd1 Bd4 37. Ne4 Qe6 38. Qf4 Re8 39. b3 Qe5 40. Qf7 Qe7 41. Qd5 a5 42. Rd2 Rf8 43. a4 bxa4 44. bxa4 Qf7 45. Qb3 Qxb3 0-1

[Event "FISU World University-ch 2020"]
[Site "Online"]
[Date "2020.10.26"]
[Round "4.8"]
[White "Cadilhac, Igor Tokuichi Kikuch"]
[Black "Srija, Seshadri"]
[Result "0-1"]
[WhiteElo "2323"]
[BlackElo "2219"]
[Annotator "TA"]
[PlyCount "106"]
[EventDate "2020.10.26"]
[SourceTitle "playchess.com"]
[Source "ChessBase"]
[SourceQuality "1"]

1. e4 e5 2. Nf3 Nc6 3. Nc3 Nf6 4. Bb5 Bb4 5. O-O O-O 6. d3 d6 7. Ne2 Ne7 8. c3 Ba5 9. Ng3 Ng6 10. d4 c6 11. Bd3 Bc7 12. Re1 Re8 13. c4 Bg4 14. d5 Bb6 15. h3 Bd7 16. Nh2 h6 17. Qf3 Nh4 18. Qe2 Qc8 19. Be3 Bxe3 20. Qxe3 Ng6 21. Rac1 c5 22. Nf5 Bxf5 23. exf5 Nf4 24. Bc2 Qd8 25. Ba4 Re7 26. Ng4 Nh7 27. f6 Nxf6 28. Nxf6+ gxf6 29. Bc2 Qf8 30. Kh2 Qg7 31. g3 Ng6 32. Qf3 Kh8 33. Re4 Rae8 34. Qf5 Rg8 35. Rce1 Nf4 36. Kg1 Rc7 37. h4 Qg6 38. Qxg6 Nxg6 39. Kh2 f5 40. R4e3 e4 41. f3 Ne5 42. fxe4 Ng4+ 43. Kg2 Nxe3+ 44. Rxe3 f4 45. Rf3 Rxg3+ 46. Rxg3 fxg3 47. Kxg3 Kg7 48. Kf4 Kf6 49. Bd1 Rc8 50. Bg4 Rg8 51. a3 a5 52. b3 b6 53. a4 Rg7 0-1

[Event "FISU World University-ch 2020"]
[Site "Online"]
[Date "2020.10.26"]
[Round "4.8"]
[White "Varshini, V."]
[Black "Carstens Dobuchak, Thiago"]
[Result "1-0"]
[WhiteElo "2226"]
[BlackElo "2184"]
[Annotator "TA"]
[PlyCount "95"]
[EventDate "2020.10.26"]
[SourceTitle "playchess.com"]
[Source "ChessBase"]
[SourceQuality "1"]

1. e4 c5 2. Nc3 Nc6 3. Nge2 g6 4. d4 cxd4 5. Nxd4 Bg7 6. Be3 Nf6 7. Nb3 O-O 8. Be2 d6 9. O-O Be6 10. f4 Qc8 11. h3 Rd8 12. Bf3 Nb4 13. a3 Na6 14. Nd4 Bc4 15. Rf2 e5 16. Nb3 d5 17. Nxd5 Bxd5 18. exd5 e4 19. Bg4 Nxg4 20. hxg4 Qc4 21. d6 Bxb2 22. Rb1 Bc3 23. Nd2 Qc6 24. Qe2 Rxd6 25. Nc4 Rdd8 26. Rb3 Bg7 27. Na5 Qa4 28. Nxb7 Rd7 29. f5 Rb8 30. Nc5 Qc6 31. Nxa6 Rxb3 32. cxb3 Be5 33. Nc5 Rd8 34. b4 Qd5 35. Rf1 f6 36. Qf2 g5 37. Qe2 Bc7 38. Ne6 Qe5 39. Nxc7 Qxc7 40. Rc1 Qe5 41. Rd1 Rc8 42. Qd2 Kh8 43. Qd4 Qxd4 44. Bxd4 Kg7 45. Bc5 Rc7 46. Kf2 Kf7 47. Ke3 Ke8 48. Kxe4 1-0

[Event "FISU World University-ch 2020"]
[Site "Online"]
[Date "2020.10.26"]
[Round "4.8"]
[White "Alboredo, Julia"]
[Black "Muthaiah AL"]
[Result "0-1"]
[WhiteElo "2182"]
[BlackElo "2400"]
[Annotator "TA"]
[PlyCount "72"]
[EventDate "2020.10.26"]
[SourceTitle "playchess.com"]
[Source "ChessBase"]
[SourceQuality "1"]

1. e4 c5 2. Nf3 a6 3. c4 e6 4. Nc3 Qc7 5. d4 cxd4 6. Nxd4 Nf6 7. a3 Be7 8. Be2 d6 9. Be3 O-O 10. O-O b6 11. Rc1 Bb7 12. f3 Nbd7 13. Kh1 Rac8 14. Qe1 Rfe8 15. Qf2 Qb8 16. b4 Bd8 17. Nb3 Bc7 18. Bf4 Nf8 19. Bg5 N6d7 20. f4 h6 21. Bh4 Ng6 22. Bg3 Nf6 23. Bf3 Qa8 24. f5 exf5 25. exf5 Ne5 26. Bxb7 Qxb7 27. Bxe5 dxe5 28. c5 e4 29. Qh4 Be5 30. Na4 b5 31. Nb6 Rcd8 32. Na5 Qc7 33. Rfd1 Rxd1+ 34. Rxd1 e3 35. Nd5 Nxd5 36. Rxd5 Bc3 0-1

[Event "FISU World University-ch 2020"]
[Site "Online"]
[Date "2020.10.26"]
[Round "4.8"]
[White "Michelle Catherina, P."]
[Black "Librelato, Kathie Goulart"]
[Result "1-0"]
[WhiteElo "2176"]
[BlackElo "2165"]
[Annotator "TA"]
[PlyCount "89"]
[EventDate "2020.10.26"]
[SourceTitle "playchess.com"]
[Source "ChessBase"]
[SourceQuality "1"]

1. e4 e5 2. Nc3 Nc6 3. g3 Nf6 4. Bg2 Bc5 5. Nge2 O-O 6. d3 d6 7. O-O Be6 8. Na4 Bb6 9. Nxb6 axb6 10. f4 d5 11. fxe5 Nxe5 12. d4 Nc6 13. e5 Ne4 14. Nf4 Qd7 15. c3 Rad8 16. Qd3 f5 17. exf6 Nxf6 18. Nxe6 Qxe6 19. Bf4 Qd7 20. Rae1 Rde8 21. Qb5 Kh8 22. a3 Rxe1 23. Rxe1 Re8 24. Rxe8+ Qxe8 25. Bxc7 Qe3+ 26. Kh1 Ng4 27. h3 Nf2+ 28. Kh2 h6 29. Qxd5 Ne7 30. Qd8+ Kh7 31. Bf4 Qe2 32. Qe8 Qe1 33. d5 Nd3 34. d6 Nxf4 35. gxf4 Qd2 36. Qxe7 Qxf4+ 37. Kg1 Qc1+ 38. Kf2 Qf4+ 39. Bf3 Qh2+ 40. Ke3 Qg1+ 41. Kd2 Qh2+ 42. Be2 Qf4+ 43. Kc2 h5 44. d7 Qa4+ 45. b3 1-0

[Event "FISU World University-ch 2020"]
[Site "Online"]
[Date "2020.10.26"]
[Round "4.9"]
[White "Dill, Xaver"]
[Black "Limon Olmos, Ivan Alonso"]
[Result "1/2-1/2"]
[WhiteElo "2138"]
[BlackElo "2154"]
[Annotator "TA"]
[PlyCount "153"]
[EventDate "2020.10.26"]
[SourceTitle "playchess.com"]
[Source "ChessBase"]
[SourceQuality "1"]

1. d4 d5 2. Nf3 Nf6 3. c4 e6 4. g3 Be7 5. Bg2 O-O 6. O-O c6 7. Qc2 b6 8. b3 Bb7 9. Nc3 Nbd7 10. e4 dxe4 11. Nxe4 c5 12. Nxf6+ Nxf6 13. Rd1 Qc8 14. Ba3 Be4 15. Qe2 Qb7 16. dxc5 bxc5 17. Ne1 Bxg2 18. Nxg2 a5 19. Rab1 Qc6 20. Nf4 Rfb8 21. Nd5 exd5 22. Qxe7 dxc4 23. Qxc5 Qxc5 24. Bxc5 cxb3 25. Rxb3 Rc8 26. Be3 Rc2 27. a4 Rc4 28. Rd4 Rc2 29. Rb7 h5 30. h3 Ra2 31. Rb5 Kh7 32. Rc4 Kg6 33. Rg5+ Kh7 34. Bd4 Ra6 35. Be3 g6 36. Rb5 Kg8 37. Rb7 Nd5 38. Bd4 Ra8 39. Rd7 Nb4 40. Rcc7 Rd2 41. Ra7 Re8 42. Be3 Rxd7 43. Rxd7 Nc2 44. Bb6 Re1+ 45. Kg2 Ra1 46. Bxa5 Rxa4 47. Bc3 Ra8 48. Kf3 Na3 49. Bf6 Nc4 50. g4 hxg4+ 51. hxg4 Nb6 52. Rd8+ Rxd8 53. Bxd8 Nd7 54. Bc7 f6 55. Kg3 Kf7 56. Bf4 Ke6 57. Be3 Nb8 58. f3 Nc6 59. Kf2 Kd5 60. Ke2 Kc4 61. f4 f5 62. gxf5 gxf5 63. Kf3 Kd3 64. Bb6 Nb4 65. Bc7 Nc2 66. Be5 Ne1+ 67. Kg3 Ke4 68. Kf2 Nd3+ 69. Ke2 Nb4 70. Kf2 Nc6 71. Bc7 Nd4 72. Bb8 Ne6 73. Kg3 Ng7 74. Kh4 Kf3 75. Kg5 Ke4 76. Kh4 Kf3 77. Kg5 1/2-1/2

[Event "FISU World University-ch 2020"]
[Site "Online"]
[Date "2020.10.26"]
[Round "4.9"]
[White "Real Pereyra, Jeronimo"]
[Black "Stoeri, Laura"]
[Result "1-0"]
[WhiteElo "2130"]
[BlackElo "2126"]
[Annotator "TA"]
[PlyCount "99"]
[EventDate "2020.10.26"]
[SourceTitle "playchess.com"]
[Source "ChessBase"]
[SourceQuality "1"]

1. e4 e5 2. Nf3 Nc6 3. Bb5 a6 4. Ba4 Nf6 5. O-O Be7 6. Re1 b5 7. Bb3 d6 8. c3 O-O 9. h3 Na5 10. Bc2 c5 11. d4 cxd4 12. cxd4 Nc6 13. Nbd2 Nd7 14. Nb3 Bf6 15. d5 Na5 16. Nbd2 Nb6 17. Nf1 g6 18. b3 Nb7 19. Be3 Bd7 20. Qd2 Rc8 21. Rad1 Nc5 22. Ng3 Bg7 23. Bb1 Na8 24. Nh2 h5 25. f4 exf4 26. Bxf4 Qb6 27. Kh1 a5 28. Bh6 Qd8 29. Nf3 b4 30. e5 dxe5 31. Nxe5 Nb6 32. Bg5 Bf6 33. Bxf6 Qxf6 34. Qh6 Qg7 35. Qf4 Bb5 36. d6 Ne6 37. Qf2 Nd7 38. Nxd7 Bxd7 39. Ne4 Rfd8 40. Nf6+ Kh8 41. Nd5 Rc6 42. Nb6 Be8 43. d7 Bxd7 44. Rxd7 Rxd7 45. Nxd7 Rd6 46. Ne5 Kg8 47. Nc4 Rd8 48. Rf1 Rd5 49. Qa7 Nd4 50. Qa8+ 1-0

[Event "FISU World University-ch 2020"]
[Site "Online"]
[Date "2020.10.26"]
[Round "4.9"]
[White "Schweighoffer, Martin"]
[Black "Lima Martinez, Alejandro"]
[Result "1/2-1/2"]
[WhiteElo "2119"]
[BlackElo "2074"]
[Annotator "TA"]
[PlyCount "118"]
[EventDate "2020.10.26"]
[SourceTitle "playchess.com"]
[Source "ChessBase"]
[SourceQuality "1"]

1. e4 c5 2. Nf3 g6 3. c4 Bg7 4. d4 cxd4 5. Nxd4 Nc6 6. Be3 Nf6 7. Nc3 Ng4 8. Qxg4 Nxd4 9. Qd1 e5 10. f4 d6 11. Qd2 Be6 12. O-O-O Rc8 13. b3 a6 14. Kb1 O-O 15. Bd3 exf4 16. Bxf4 b5 17. Bh6 Bxh6 18. Qxh6 bxc4 19. Bxc4 Bxc4 20. Rxd4 Bxb3 21. Qd2 Be6 22. Nd5 Bxd5 23. Rxd5 Rc4 24. Rxd6 Qb8+ 25. Ka1 Rxe4 26. Rb1 Qc7 27. Rxa6 Qxh2 28. Rab6 Ra8 29. Qb2 Rea4 30. Rb8+ Rxb8 31. Qxb8+ Qxb8 32. Rxb8+ Kg7 33. Rb3 h5 34. Kb2 h4 35. Rd3 g5 36. Kb3 Ra5 37. a4 f5 38. Kb4 Ra8 39. a5 Kg6 40. Kb5 g4 41. a6 Kg5 42. Kb6 f4 43. Rd5+ Kf6 44. Kb7 Rh8 45. a7 h3 46. gxh3 gxh3 47. a8=Q Rxa8 48. Kxa8 h2 49. Rh5 Kg6 50. Rxh2 Kg5 51. Kb7 Kg4 52. Kc6 Kg3 53. Rh6 f3 54. Rg6+ Kh2 55. Kd5 f2 56. Rf6 Kg1 57. Rg6+ Kh1 58. Rf6 Kg1 59. Rxf2 Kxf2 1/2-1/2